Deutsche Städte, die auf -burg enden - #1 - Statistiken

Allgemein
  • Dieses Quiz wurde 164 mal gespielt
  • Das Durchschnittsergebnis liegt bei 13 aus 24
Antwortstatistiken
BL Einwohner Stadt % Korrekt
HH 1.862.565 Hamburg
98%
BY 301.105 Augsburg
88%
NW 502.270 Duisburg
82%
BW 237.460 Freiburg im Breisgau
81%
BY 151.389 Regensburg
81%
ST 244.329 Magdeburg
77%
BY 133.258 Würzburg
77%
NI 176.614 Oldenburg
69%
NI 129.560 Wolfsburg
69%
SH 96.326 Flensburg
68%
BB 74.113 Brandenburg an der Havel
63%
HE 73.544 Marburg
58%
BY 73.091 Aschaffenburg
52%
BW 92.858 Ludwigsburg
50%
MV 60.344 Neubrandenburg
48%
BW 62.993 Offenburg
45%
SL 43.382 Homburg
41%
NI 74.785 Lüneburg
40%
BY 41.064 Coburg
38%
BW 50.628 Ravensburg
29%
HE 56.688 Bad Homburg vor der Höhe
23%
BB 49.122 Oranienburg
20%
NW 42.445 Siegburg
14%
BW 45.677 Rottenburg am Neckar
9%
Keine übereinstimmenden Quizze gefunden
Verteilung der Resultate
Anzahl Personen mit jedem Resultat
Perzentil nach korrekt beantworteten Fragen
Ihre Resultats-Entwicklung
Sie haben dieses Quiz noch nicht gespielt